Técnicas avanzadascon Lotus 1-2-3 (Registro nro. 4467)

Detalles MARC
000 -LEADER
fixed length control field 00883 a2200205 4500
001 - CONTROL NUMBER
control field 47799
005 - DATE AND TIME OF LATEST TRANSACTION
control field 20260407155744.0
008 - FIXED-LENGTH DATA ELEMENTS--GENERAL INFORMATION
fixed length control field 260407a1989 arg spa d
003 - CONTROL NUMBER IDENTIFIER
control field AR-UNSa-BCEJYS
040 ## - CATALOGING SOURCE
Original cataloging agency AR-UNSa-BCEJYS
Language of cataloging spa
Transcribing agency AR-UNSa-BCEJYS
080 ## - UNIVERSAL DECIMAL CLASSIFICATION NUMBER
Universal Decimal Classification number 004.67*E
Common auxiliary subdivision Sistemas para datos numéricos. Sistemas de hoja de cálculo (Excel)
020 ## - INTERNATIONAL STANDARD BOOK NUMBER
International Standard Book Number 84-283-1682-1
100 1# - MAIN ENTRY--PERSONAL NAME
Personal name Alonso, J.M.
245 10 - TITLE STATEMENT
Title Técnicas avanzadascon Lotus 1-2-3
264 #1 - PRODUCTION, PUBLICATION, DISTRIBUTION, MANUFACTURE, AND COPYRIGHT NOTICE
Place of production, publication, distribution, manufacture Madrid :
Name of producer, publisher, distributor, manufacturer Paraninfo
Date of production, publication, distribution, manufacture, or copyright notice 1989
300 ## - PHYSICAL DESCRIPTION
Extent 296 p.
Dimensions 24 cm.
505 ## - FORMATTED CONTENTS NOTE
Formatted contents note 1. Posibilidades interesantes - 2. Macroinstrucciones - 3. Aplicaciones de las macros - 4. Tiempo y dinero - 5. Gestión de cartera - 6. Gestión del movimiento de caja - 7. Trazado de funciones matemáticas - 8. Cálculo iterativo - 9. Cálculo biorritmo - 10. Declaración de hacienda.
590 ## - LOCAL NOTE (RLIN)
Local note niveau_biblio:m niveau_hierar:0
942 ## - ADDED ENTRY ELEMENTS (KOHA)
Koha item type
Existencias
Withdrawn status Lost status Damaged status Not for loan Home library Current library Shelving location Date acquired Total checkouts Full call number Barcode Date last seen Price effective from Koha item type
        Biblioteca Prof. Eusebio Cleto del Rey Biblioteca Prof. Eusebio Cleto del Rey   07/04/2026   004.67*E A454 L53116 07/04/2026 07/04/2026 Libro